Robo Kazík. Vianoce

Bibliographic Details
Corporate Authors: Sláčiková skupina (uci), RK Band vokálna skupina (roz)
Other Authors: Kazík, Róbert, 1947-2021 (roz), Čunderlík, Robert (ara, asm), Danko, Pavel (fot), Klinko, Alexander (nob)
Format: Book
Language:Slovak
PhysicalDescription:1 magnetofónová kazeta (34 min. 14 sek.) stereo
Published: Banská Bystrica RK CENTRUM UNIVERSA 1997
Subjects:

MARC

LEADER 00000nam a2200000 a 4500
001 vtls001359745
003 SK-MaSNL
005 20260301115029.0
008 130606s1999 xo 0 slo
015 |a SNBJ1999/02-00996 
035 |a SNK000313284 
040 |a SNK  |b slo  |c SNK  |e AACR2 
044 |a xo  |c SK 
080 |a 784.66:785.1(086.7)  |2 1981 
245 1 |a Robo Kazík. Vianoce  |h zvukový dokument 
260 |a Banská Bystrica  |b RK CENTRUM UNIVERSA  |c 1997 
300 |a 1 magnetofónová kazeta (34 min. 14 sek.)  |b stereo 
500 |a Fotograf Pavel Danko 
505 0 |a Obsahuje 13 piesní 
508 |a Aranžmán, programovanie Robert Čunderlík 
511 |a Spieva Robo Kazík 
511 |a Hrá Sláčiková skupina 
511 |a Spoluúčinkuje vokálna skupina RK BAND 
650 0 7 |a populárna hudba  |x piesne ľudové upravené  |x kazety magnetofónové  |2 SNK  |9 283879 
650 0 7 |a piesne ľudové upravené  |x kazety magnetofónové  |2 SNK  |9 283880 
655 7 |a magnetofónové kazety  |2 SNK  |9 70693 
700 1 |a Kazík, Róbert,  |d 1947-2021  |4 roz  |9 202834 
700 1 |a Čunderlík, Robert  |4 ara  |4 asm  |9 64854 
700 1 |a Danko, Pavel  |4 fot  |9 292768 
700 1 |a Klinko, Alexander  |4 nob  |9 9117 
710 0 |a Sláčiková skupina  |4 uci  |9 283903 
710 0 |a RK Band vokálna skupina  |4 roz  |9 35604 
999 |c 720687  |d 722617 
952 |t P60, <03>, [BOOK], {603}  |a SNK  |b SNK  |y PREZ  |7 0  |p 17A0185981  |o snkK 2143  |i snkJK 153/99  |0 0  |1 0  |4 0  |d 1999-04-09  |l 0  |r 2005-01-02 00:00:00  |w 2026-02-23